000 00802nas a2200229 454500
001 26656
005 20260407193507.0
008 260407s1991####ag###########|||spa#d
003 AR-UNSa-BCEJYS
040 _aAR-UNSa-BCEJYS
_bspa
_cAR-UNSa-BCEJYS
080 _a336.71
_xBancos. Sistema bancario
245 1 0 _aLos bancos en el mundo
_prevista de revistas de bancos y negocios
264 1 _aBuenos Aires :
_bABRA
_c1991
310 _aFrecuencia: Trimestral
942 _cSER
590 _aniveau_biblio:s niveau_hierar:1
100 1 _aAsociación de Bancos de la República Argentina (ABRA)
700 1 _aZelmar Barbosa, Adalberto
650 _aEMPRESAS
650 _aBANCOS
856 4 1 _uhttps://biblioeco.unsa.edu.ar/pmb/images/revistas/Los Bancos en el Mundo-r12928.jpg
_yImagen de portada
_qimage/jpeg
999 _c8611
_d8611